000 00566cam a22002053a 4500
001 39507
003 PGUSA
005 20140828083858.0
008 120422s2012||||xxu|||||s|||||000 | eng d
040 _aPGUSA
_beng
042 _adc
100 1 _aHjortø, Knud,
_d1869-1931
245 1 0 _aStøv og Stjærner
_h[electronic resource] /
_cKnud Hjortø
260 _bProject Gutenberg,
_c2012
506 _aPublic domain in the USA.
516 _aElectronic text
830 0 _aProject Gutenberg
_v39507
856 4 0 _uhttp://www.gutenberg.org/ebooks/39507
942 _cEB
999 _c268760
_d268760